[Event "SVK-chT2E 9900"]
[Site "?"]
[Date "2000.??.??"]
[Round "?"]
[White "Manik Mikulas"]
[Black "Kotan Ladislav"]
[Result "1/2-1/2"]
[WhiteElo "2478"]
[BlackElo "2308"]
[PlyCount "149"]
[EventDate "2000.??.??"]
[Source "www.chesslib.no"]
[SourceDate "2004.05.04"]

1. e4 e5 2. Nf3 Nc6 3. Bb5 a6 4. Ba4 Nf6 5. O-O Be7 6. Re1 b5 7. Bb3 d6 8. c3 O-O 9. h3 a5 10. a4 b4 11. d4 bxc3 12. bxc3 exd4 13. Nxd4 Nxd4 14. cxd4 d5 15. e5 Ne4 16. f3 Ng3 17. Kh2 Bh4 18. Bc2 Bf5 19. Bxf5 Nxf5 20. Rf1 Bg3+ 21. Kg1 c5 22. dxc5 Bxe5 23. Ra2 Bd4+ 24. Rff2 Bxc5 25. Nc3 Bxf2+ 26. Rxf2 Rc8 27. Bb2 d4 28. Nb5 Qh4 29. Qd3 Qf4 30. Re2 Rfe8 31. Re4 Rxe4 32. fxe4 Ng3 33. Nxd4 Nxe4 34. Nc6 Qd6 35. Qxd6 Nxd6 36. Ne7+ Kf8 37. Nxc8 Nxc8 38. Bc3 Nb6 39. Bxa5 Nxa4 40. Kf2 Nb2 41. Kf3 f6 42. Bc3 Nc4 43. g4 Kf7 44. Kf4 Nb6 45. Bd4 Nd5+ 46. Kf5 g6+ 47. Ke4 Ke6 48. Bb2 Ne7 49. Kf4 g5+ 50. Ke4 Nc8 51. Bd4 Nd6+ 52. Kf3 f5 53. h4 gxh4 54. gxf5+ Kxf5 55. Kg2 Kg4 56. Be5 Nf5 57. Bb8 Ng3 58. Bc7 Nf5 59. Bb8 Nd4 60. Bc7 Nf3 61. Bb8 Ng5 62. Bc7 Nf3 63. Bb8 Nd4 64. Bc7 Nf5 65. Bb8 h6 66. Bc7 Ne3+ 67. Kh2 h3 68. Bb8 Nf1+ 69. Kg1 Nd2 70. Kh2 Nf3+ 71. Kh1 h5 72. Bc7 h4 73. Bg3 Nd2 74. Bb8 Nf1 75. Bc7 1/2-1/2

[Event "FIN Ch"]
[Site "Helsinki FIN"]
[Date "1990.??.??"]
[Round "2"]
[White "Raaste, Eero J"]
[Black "Valkesalmi, Kimmo"]
[Result "0-1"]
[WhiteElo "2380"]
[BlackElo "2400"]
[PlyCount "200"]
[EventDate "1990.??.??"]
[Source "www.chesslib.no"]
[SourceDate "2004.05.04"]

1. e4 e5 2. Nf3 Nc6 3. Bb5 a6 4. Ba4 Nf6 5. O-O Be7 6. Re1 b5 7. Bb3 d6 8. c3 O-O 9. h3 a5 10. d3 a4 11. Bc2 Be6 12. d4 exd4 13. Nxd4 Nxd4 14. cxd4 c5 15. Nc3 Qa5 16. e5 dxe5 17. dxe5 Rfd8 18. Bd2 Ne8 19. Qh5 g6 20. Qh6 Bf8 21. Qf4 a3 22. Ne4 Rxd2 23. b4 Qxb4 24. Qxd2 Qxd2 25. Nxd2 c4 26. Rab1 b4 27. f4 b3 28. Nxb3 cxb3 29. Bxb3 Bc5+ 30. Kh2 Ng7 31. g4 Rd8 32. Red1 Rxd1 33. Rxd1 Bxb3 34. Rd8+ Bf8 35. axb3 Ne6 36. Ra8 Nxf4 37. b4 Nd5 38. Rxa3 Bxb4 39. Ra8+ Kg7 40. Ra7 Nf4 41. Kg3 Ne6 42. Kf3 Ng5+ 43. Kg2 Bc3 44. Ra3 Bxe5 45. Ra5 Bf4 46. Ra4 Bc7 47. Ra6 Ne6 48. Ra7 Kf6 49. Ra8 h5 50. gxh5 Nf4+ 51. Kf3 Nxh5 52. Ra6+ Kg7 53. Ra7 Bd8 54. Rd7 Bg5 55. Ra7 Nf6 56. Ra5 Bh6 57. Ra7 Nh7 58. Rb7 Nf8 59. Ra7 Bg5 60. Rb7 Bd8 61. Kg4 Ne6 62. Ra7 Bc7 63. Rb7 Kh6 64. Ra7 f5+ 65. Kf3 Kg5 66. Ra6 Kf6 67. Rc6 Ke5 68. Ra6 Bd6 69. Ra5+ Bc5 70. h4 Kf6 71. Ra6 Be7 72. Rb6 Bc5 73. Ra6 Ke5 74. Ra5 Kd5 75. Ra1 Be7 76. Rh1 Ng7 77. Rg1 Bxh4 78. Rxg6 Ne6 79. Rg8 Ke5 80. Re8 Bd8 81. Kg2 Kf6 82. Rh8 Bc7 83. Rc8 f4 84. Kh3 Kf5 85. Re8 Bd8 86. Kg2 Bh4 87. Kh3 Bg3 88. Kg2 Ng5 89. Ra8 Be1 90. Kf1 Bc3 91. Ke2 Ke4 92. Re8+ Be5 93. Kf2 Nh7 94. Kg2 Nf6 95. Re6 f3+ 96. Kh3 Nd5 97. Ra6 Nf4+ 98. Kg3 Ke3 99. Ra3+ Nd3+ 100. Kh3 f2 0-1

[Event "Golden Cleopatra op"]
[Site "Cairo"]
[Date "2002.04.13"]
[Round "7"]
[White "Holmsten, Aleksei"]
[Black "Kotan, Ladislav"]
[Result "1/2-1/2"]
[WhiteElo "2420"]
[BlackElo "2350"]
[PlyCount "95"]
[EventDate "2002.04.07"]
[Source "ChessBase"]
[SourceDate "2002.05.03"]

1. e4 e5 2. Nf3 Nc6 3. Bb5 a6 4. Ba4 Nf6 5. O-O Be7 6. Re1 b5 7. Bb3 d6 8. c3 O-O 9. h3 a5 10. a4 b4 11. d4 bxc3 12. bxc3 exd4 13. cxd4 d5 14. exd5 Nxd5 15. Bxd5 Qxd5 16. Nc3 Qd8 17. Bf4 Bf5 18. Nb5 Bd6 19. Bxd6 cxd6 20. d5 Nb4 21. Nfd4 Bd7 22. Ne6 fxe6 23. dxe6 Re8 24. exd7 Rxe1+ 25. Qxe1 Qxd7 26. Rc1 Re8 27. Qd2 d5 28. Qd4 Rc8 29. Rxc8+ Qxc8 30. Qe5 h6 31. Nd6 Qd7 32. f4 Kf8 33. f5 Qe7 34. Qg3 Nc6 35. Nb5 d4 36. Qf3 Qe1+ 37. Kh2 Qe5+ 38. Kh1 Ne7 39. Qa8+ Kf7 40. Qxa5 Nxf5 41. Nd6+ Qxd6 42. Qxf5+ Ke7 43. Qe4+ Kf6 44. Qf3+ Ke6 45. Qe4+ Kf7 46. Qf3+ Kg8 47. Qa8+ Kh7 48. Qe4+ 1/2-1/2

[Event "18th Touraine Open"]
[Site "Avoine"]
[Date "2003.07.25"]
[Round "7"]
[White "Tirard, Hugo"]
[Black "Payen, Arnaud"]
[Result "1-0"]
[WhiteElo "2407"]
[BlackElo "2363"]
[PlyCount "91"]
[EventDate "2003.07.19"]
[Source "Roberto Alvarez"]
[SourceDate "2003.08.18"]

1. e4 e5 2. Nf3 Nc6 3. Bb5 a6 4. Ba4 Nf6 5. O-O Be7 6. Re1 b5 7. Bb3 d6 8. c3 O-O 9. h3 a5 10. d4 a4 11. Bc2 Bd7 12. Nbd2 Re8 13. Nf1 Bf8 14. Bg5 h6 15. Bh4 Be7 16. Ne3 Nh7 17. Bxe7 Qxe7 18. d5 Na5 19. b4 axb3 20. axb3 Nb7 21. b4 Qf8 22. Qe2 Rxa1 23. Rxa1 Ra8 24. Qf1 Nf6 25. Bd3 Rxa1 26. Qxa1 Qb8 27. Qa6 Nd8 28. Nd2 c6 29. Nb3 Ne8 30. dxc6 Nc7 31. Qa2 Be6 32. Nd5 Nxd5 33. exd5 Bxd5 34. Bxb5 Nxc6 35. c4 Ne7 36. Qa6 Be6 37. Na5 Kf8 38. Nb7 Nf5 39. c5 dxc5 40. bxc5 e4 41. c6 g5 42. Nc5 Bc8 43. Nd7+ Bxd7 44. cxd7 Ke7 45. Qc8 Qd6 46. Qe8+ 1-0

[Event "National I"]
[Site "?"]
[Date "2003.04.07"]
[Round "7"]
[White "Apicella Manuel"]
[Black "Daurelle Herve"]
[Result "1-0"]
[WhiteElo "2501"]
[BlackElo "2267"]
[PlyCount "83"]
[EventDate "2003.??.??"]
[Source "www.chesslib.no"]
[SourceDate "2004.05.04"]

1. e4 e5 2. Nf3 Nc6 3. Bb5 a6 4. Ba4 Nf6 5. O-O Be7 6. Re1 b5 7. Bb3 d6 8. c3 O-O 9. h3 a5 10. d4 a4 11. Bc2 exd4 12. Nxd4 Nxd4 13. cxd4 Bb7 14. Nc3 Qd7 15. a3 g6 16. d5 c5 17. dxc6 Bxc6 18. Bh6 Rfe8 19. Qd4 Nh5 20. Rad1 Rad8 21. Bb1 Bf6 22. Qd2 Ng7 23. Ba2 Ne6 24. Kh1 Bg7 25. Bxg7 Kxg7 26. Nd5 Bxd5 27. Bxd5 Nc5 28. f4 Kg8 29. Re3 Rb8 30. Rf1 b4 31. f5 Nb3 32. Rxb3 axb3 33. Qh6 Kh8 34. fxg6 fxg6 35. Rf7 Qxf7 36. Bxf7 Re7 37. Bxb3 bxa3 38. bxa3 Rxe4 39. Bf7 Re7 40. Bxg6 Rg8 41. Bd3 d5 42. a4 1-0

[Event "Viernheim"]
[Site "Viernheim"]
[Date "1992.??.??"]
[Round "6"]
[White "Gross, Stefan"]
[Black "Beikert, Guenther"]
[Result "1/2-1/2"]
[WhiteElo "2370"]
[BlackElo "2390"]
[PlyCount "29"]
[EventDate "1992.??.??"]
[Source "ChessBase"]

1. e4 e5 2. Nf3 Nc6 3. Bb5 a6 4. Ba4 Nf6 5. O-O Be7 6. Re1 b5 7. Bb3 O-O 8. c3 d6 9. h3 a5 10. d4 exd4 11. Nxd4 Nxd4 12. cxd4 c5 13. dxc5 dxc5 14. e5 Qxd1 15. Rxd1 1/2-1/2

[Event "Orel"]
[Site "?"]
[Date "1999.??.??"]
[Round "?"]
[White "Grigoriants Sergey"]
[Black "Zaitsev Igor A"]
[Result "1/2-1/2"]
[WhiteElo "2313"]
[BlackElo "2447"]
[PlyCount "35"]
[EventDate "1999.??.??"]
[Source "www.chesslib.no"]
[SourceDate "2004.05.04"]

1. e4 e5 2. Nf3 Nc6 3. Bb5 a6 4. Ba4 Nf6 5. O-O Be7 6. Re1 b5 7. Bb3 d6 8. c3 O-O 9. h3 a5 10. a4 b4 11. d4 bxc3 12. bxc3 exd4 13. cxd4 d5 14. e5 Ne4 15. Ba3 Bb4 16. Bxb4 Nxb4 17. Re3 Ra6 18. Nc3 1/2-1/2

[Event "8. WUCC"]
[Site "?"]
[Date "2004.09.08"]
[Round "6"]
[White "Kulaots Kaido"]
[Black "Citak Selim"]
[Result "1-0"]
[WhiteElo "2593"]
[BlackElo "2153"]
[PlyCount "83"]
[EventDate "2004.??.??"]
[Source "www.chesslib.no"]
[SourceDate "2004.05.04"]

1. e4 e5 2. Nf3 Nc6 3. Bb5 a6 4. Ba4 Nf6 5. O-O Be7 6. Re1 b5 7. Bb3 d6 8. c3 O-O 9. h3 a5 10. a4 b4 11. d3 Ba6 12. Qc2 Rb8 13. Nbd2 h6 14. Nc4 Nd7 15. Be3 Bf6 16. Rad1 bxc3 17. bxc3 Nb6 18. Bxb6 cxb6 19. Na3 Ne7 20. Bc4 Bc8 21. Nb5 Ng6 22. d4 Qe7 23. Bf1 Rd8 24. Qc1 Bd7 25. Qa3 Bxb5 26. Bxb5 Rbc8 27. Qb3 Qc7 28. Re3 Nf4 29. d5 Kh7 30. Rb1 g5 31. Nd2 Rg8 32. Bf1 Bd8 33. Qd1 g4 34. hxg4 Qd7 35. g3 Bg5 36. Qf3 Ng6 37. Bb5 Qc7 38. Rd3 Bxd2 39. Rxd2 Rg7 40. Be2 Qd7 41. Qf5 Qxf5 42. exf5 1-0

[Event "FIN Team Ch"]
[Site "Finland"]
[Date "1994.??.??"]
[Round "?"]
[White "Rytshagov, Mikhail"]
[Black "Lehtivaara, Petri"]
[Result "1/2-1/2"]
[WhiteElo "2470"]
[BlackElo "2275"]
[PlyCount "61"]
[EventDate "1994.??.??"]
[Source "www.chesslib.no"]
[SourceDate "2004.05.04"]

1. e4 e5 2. Nf3 Nc6 3. Bb5 a6 4. Ba4 Nf6 5. O-O Be7 6. Re1 b5 7. Bb3 d6 8. c3 O-O 9. h3 a5 10. d4 a4 11. Bc2 Bd7 12. Nbd2 Re8 13. Nf1 h6 14. Ng3 Bf8 15. Be3 exd4 16. cxd4 Nb4 17. Bb1 a3 18. bxa3 Rxa3 19. Bc1 Ra8 20. Bb2 g6 21. a3 Na6 22. e5 Nd5 23. Ba2 Be6 24. Ne4 Bg7 25. Qd2 Rb8 26. Rac1 Rb6 27. Bb3 Nb8 28. Ba1 Nd7 29. Bb2 Qb8 30. Qc2 Rb7 31. Nc3 1/2-1/2

[Event "Belgrade TS04 GM"]
[Site "Belgrade"]
[Date "2001.04.29"]
[Round "9"]
[White "Rajlich, Vasik G"]
[Black "Zivanic, Marko"]
[Result "0-1"]
[WhiteElo "2337"]
[BlackElo "2403"]
[PlyCount "80"]
[EventDate "2001.04.21"]
[Source "ChessBase"]
[SourceDate "2001.07.03"]

1. e4 e5 2. Nf3 Nc6 3. Bb5 a6 4. Ba4 Nf6 5. O-O Be7 6. Re1 b5 7. Bb3 d6 8. c3 O-O 9. h3 a5 10. d4 a4 11. Bc2 Bd7 12. Nbd2 Re8 13. Nf1 h6 14. Ng3 Bf8 15. Be3 a3 16. b3 exd4 17. Nxd4 d5 18. exd5 Nxd5 19. Qd3 g6 20. Nxb5 Ndb4 21. cxb4 Nxb4 22. Qc4 Bxb5 23. Qxb5 Nxc2 24. Rad1 Qh4 25. Qc6 Nxe1 26. Rxe1 Bd6 27. Bd2 Rxe1+ 28. Bxe1 Rd8 29. Ne4 Qe7 30. Bc3 Be5 31. g3 Bxc3 32. Nxc3 Qd7 33. Qf6 Re8 34. Kh2 Qe6 35. Qf3 Qe5 36. h4 Kg7 37. Nd5 Rd8 38. Nf4 Rd2 39. h5 g5 40. Nd3 Qd4 0-1

[Event "Stockholm op2"]
[Site "Stockholm SWE"]
[Date "1994.??.??"]
[Round "9"]
[White "Arakhamia-Grant, Ketevan"]
[Black "Griffiths, Paul"]
[Result "0-1"]
[WhiteElo "2485"]
[BlackElo "2245"]
[PlyCount "81"]
[EventDate "1994.??.??"]
[Source "www.chesslib.no"]
[SourceDate "2004.05.04"]

1. e4 e5 2. Nf3 Nc6 3. Bb5 a6 4. Ba4 Nf6 5. O-O Be7 6. Re1 b5 7. Bb3 d6 8. c3 O-O 9. h3 a5 10. d3 a4 11. Bc2 Bd7 12. Nbd2 Re8 13. Nf1 h6 14. Ng3 Bf8 15. d4 g6 16. Be3 Bg7 17. Qd2 Kh7 18. Rad1 Na5 19. b3 Qb8 20. Nh2 axb3 21. axb3 Nc6 22. f4 b4 23. Nf3 bxc3 24. Qxc3 exd4 25. Nxd4 Nb4 26. Bb1 c5 27. f5 g5 28. Nf3 Kg8 29. Qd2 d5 30. e5 Rxe5 31. Nxe5 Qxe5 32. Bxc5 Qxg3 33. Qxb4 Rb8 34. Qa5 Rxb3 35. Bd4 Rxb1 36. Be5 Qxe5 37. Rxb1 Qd4+ 38. Kh1 Bxf5 39. Rbd1 Qh4 40. Re3 Be4 41. Qe1 0-1

[Event "Heart of Finland Open 4th"]
[Site "Jyvaskyla FIN"]
[Date "1994.??.??"]
[Round "?"]
[White "Erneste, Inguna"]
[Black "Zaitsev, Igor A"]
[Result "1/2-1/2"]
[WhiteElo "2285"]
[BlackElo "2430"]
[PlyCount "50"]
[EventDate "1994.07.??"]
[Source "www.chesslib.no"]
[SourceDate "2004.05.04"]

1. e4 e5 2. Nf3 Nc6 3. Bb5 a6 4. Ba4 Nf6 5. O-O Be7 6. Re1 b5 7. Bb3 d6 8. c3 O-O 9. h3 a5 10. a4 b4 11. d4 bxc3 12. bxc3 exd4 13. Nxd4 Bb7 14. Nf5 Rb8 15. Nd2 Re8 16. Nf3 Ne5 17. Nxe5 dxe5 18. Nxe7+ Qxe7 19. Ba3 c5 20. Bc2 Nd7 21. Qe2 Nf8 22. Rab1 Ne6 23. Qe3 Qc7 24. Bd3 c4 25. Bf1 Ba6 1/2-1/2

[Event "SLO-chT2"]
[Site "?"]
[Date "1998.??.??"]
[Round "?"]
[White "Justin Matjaz"]
[Black "Lazovic Gordan"]
[Result "1/2-1/2"]
[WhiteElo "2395"]
[BlackElo "2305"]
[PlyCount "72"]
[EventDate "1998.??.??"]
[Source "www.chesslib.no"]
[SourceDate "2004.05.04"]

1. e4 e5 2. Nf3 Nc6 3. Bb5 a6 4. Ba4 Nf6 5. O-O Be7 6. Re1 b5 7. Bb3 d6 8. c3 O-O 9. h3 a5 10. a3 Rb8 11. d4 exd4 12. cxd4 d5 13. exd5 Nxd5 14. Nc3 Nxc3 15. bxc3 Bf6 16. Bc2 Be6 17. Rb1 g6 18. Bh6 Bg7 19. Bxg7 Kxg7 20. Qd2 Qd6 21. Re4 Rh8 22. Rh4 h6 23. Re1 Bd5 24. Ne5 Rbd8 25. Rf4 Nxe5 26. dxe5 Qxa3 27. Rd4 Qa2 28. e6 c5 29. exf7 cxd4 30. Qxd4+ Kh7 31. Bxg6+ Kxg6 32. Qg4+ Kh7 33. Qf5+ Kg7 34. Qe5+ Kh7 35. Qf5+ Kg7 36. Qe5+ Kh7 1/2-1/2

[Event "Lloyds Bank Open"]
[Site "London ENG"]
[Date "1994.??.??"]
[Round "4"]
[White "Kwiatkowski, Feliks J"]
[Black "Lane, Gary W"]
[Result "0-1"]
[WhiteElo "2260"]
[BlackElo "2435"]
[PlyCount "78"]
[EventDate "1994.08.??"]
[Source "www.chesslib.no"]
[SourceDate "2004.05.04"]

1. e4 e5 2. Nf3 Nc6 3. Bb5 a6 4. Ba4 Nf6 5. O-O Be7 6. Re1 b5 7. Bb3 d6 8. c3 O-O 9. h3 a5 10. a3 a4 11. Bc2 Bd7 12. d4 Re8 13. Nbd2 Bf8 14. Bd3 Na5 15. Rb1 c5 16. d5 c4 17. Bc2 Nb3 18. Bxb3 axb3 19. Nf1 Bc8 20. Ng3 Nd7 21. Be3 Qc7 22. Rf1 Nc5 23. Nd2 g6 24. Kh1 Bg7 25. f3 h5 26. Ne2 f5 27. Bg5 Qf7 28. Nc1 Bf6 29. Be3 f4 30. Bf2 g5 31. Rg1 Kf8 32. Qf1 Na4 33. Ne2 Ke7 34. Kh2 g4 35. fxg4 hxg4 36. g3 Rh8 37. h4 Bd7 38. Rh1 Rag8 39. Kg1 Qg6 0-1

[Event "Pirc mem"]
[Site "Maribor"]
[Date "1993.??.??"]
[Round "?"]
[White "Riegler, Primoz"]
[Black "Gostisa, Leon"]
[Result "0-1"]
[WhiteElo "2235"]
[BlackElo "2460"]
[PlyCount "144"]
[EventDate "1993.02.??"]
[Source "ChessBase"]

1. e4 e5 2. Nf3 Nc6 3. Bb5 a6 4. Ba4 Nf6 5. O-O Be7 6. Re1 b5 7. Bb3 d6 8. c3 O-O 9. h3 a5 10. d4 exd4 11. Nxd4 Nxd4 12. cxd4 Bb7 13. Nd2 c5 14. Bc2 Nd7 15. Nf3 c4 16. Bf4 Re8 17. Qd2 Nf8 18. Rad1 d5 19. a3 Ng6 20. Bg3 b4 21. exd5 Bxd5 22. Re3 Bxf3 23. gxf3 Rf8 24. Qe2 Bg5 25. f4 Bxf4 26. Bxf4 Nxf4 27. Qg4 Ng6 28. d5 Qf6 29. Qe4 Qd6 30. Qxc4 Rac8 31. Qd3 bxa3 32. bxa3 Rc5 33. Bb1 Rd8 34. Ba2 Nf4 35. Qe4 g6 36. Rf3 Nh5 37. Re3 Nf6 38. Qf3 Kg7 39. Bb3 Qc7 40. Qg3 Rd6 41. Kh2 Qb6 42. Red3 Rc7 43. Qe3 Qxe3 44. Rxe3 Nd7 45. Kg3 Nc5 46. Rd2 Rb6 47. Ba2 Nb7 48. Ree2 Rc3+ 49. Re3 Rxe3+ 50. fxe3 Kf6 51. Kf4 Nd6 52. Rc2 Rb7 53. Rc6 Ke7 54. Rc2 f6 55. h4 h6 56. e4 Kd7 57. Rg2 g5+ 58. hxg5 hxg5+ 59. Ke3 Rc7 60. Kd3 Nf7 61. Rf2 Ke7 62. Kd4 Rc1 63. Bb3 Nd6 64. a4 Rb1 65. Rf3 g4 66. Rg3 Nf7 67. Kc5 Ne5 68. d6+ Kd7 69. Bg8 Rh1 70. Rb3 Rc1+ 71. Kb5 Rc8 72. Bd5 Rb8+ 0-1

[Event "37th Rilton Cup"]
[Site "Stockholm SWE"]
[Date "2007.12.30"]
[Round "4"]
[White "Carlsson, P."]
[Black "Hansen, Lars"]
[Result "1/2-1/2"]
[WhiteElo "2481"]
[BlackElo "2213"]
[PlyCount "54"]
[EventDate "2007.12.27"]
[Source "www.chesslib.no"]
[SourceDate "2004.05.04"]

1. e4 e5 2. Nf3 Nc6 3. Bb5 a6 4. Ba4 Nf6 5. O-O Be7 6. Re1 b5 7. Bb3 d6 8. c3 O-O 9. h3 a5 10. d4 a4 11. Bc2 Bd7 12. Nbd2 Re8 13. Nf1 h6 14. Ng3 Bf8 15. Bd2 Na5 16. b3 axb3 17. axb3 c5 18. d5 Qc7 19. Nh2 Nb7 20. Qf3 Nh7 21. Nh5 g6 22. Nf6+ Nxf6 23. Qxf6 Qd8 24. Ng4 Bxg4 25. Qxd8 Rexd8 26. hxg4 Be7 27. Reb1 Bg5 1/2-1/2